000 00459nam a2200181Ia 4500
005 20250326130032.0
008 250326s9999 xx 000 0 und d
037 _aTextbook
040 _aFMSL
_beng
_cFMSL
041 _aeng
_2eng
084 _aX:93 N2
_qFMSL
100 _aLupton T
_9737676
245 0 _aPayment systems
_cLupton T
260 _aNY
_bNY, Penguin
_c1972
300 _a381p
942 _cTB
_hX:93 N2
999 _c1280640
_d1280640